| 000 | 00345nam a2200133Ia 4500 | ||
|---|---|---|---|
| 008 | 231017s9999 xx 000 0 und d | ||
| 082 | _a625.85 | ||
| 082 | _bSOL | ||
| 245 | 0 | _aNCHRP Report 589: Improved Conditioning and Testing Procedures for HMA Moisture Susceptibility | |
| 245 | 0 | _cTRB | |
| 260 | _bTRB | ||
| 300 | _c30cm | ||
| 942 | _cREP | ||
| 999 |
_c604505 _d604505 |
||